Adobe Pagemaker 7.0 : langkah demi langkah /

Bibliographic Details
Main Author: Palani, Murugappan
Format: Book
Published: Kuala Lumpur: Venton Publishing, 2002.
Subjects:
LEADER 00746cam a2200253 7i4500
001 0000061115
005 20151104090000.0
005 ##20151104183000.0
003 ##MY-KlINT
020 # # |a 9832031923  
039 # 9 |y 201511041830  |z VLOAD 
090 0 0 |a 005.43 PAL  
100 1 # |a Palani, Murugappan 
245 1 0 |a Adobe Pagemaker 7.0 :   |b langkah demi langkah /   |c Palani Murugappan.. 
260 # # |a Kuala Lumpur:   |b Venton Publishing,   |c 2002. 
300 # # |a 252 p.. 
650 # 0 |a Step-by-step guide  
650 # 0 |a Adobe Pagemaker  
650 # 0 |a Graphics  
996 |a ikwas2005.out 
997 |a 3000103802  |b IKWS  |c MNF  |d BOK 
997 |a 3000108302  |b IKWS  |c MNF  |d BOK 
998 |a 0000008064 
999 |a 3000108302  |b BOOK  |c Main Non-Fiction  |e INTAN Kampus Wilayah Selatan